Statistics for MLB Famous Players Number's

Click here to take the quiz!

General Stats

  • This quiz has been taken 32 times
  • The average score is 6 of 15

Answer Stats

HintAnswer% Correct
42Jackie Robinson
93%
3Babe Ruth
82%
4Lou Gehrig
57%
5Lou Gehrig
57%
7Mickey Mantle
57%
24Willie Mays
54%
2Derek Jeter
50%
27Mike Trout
36%
1Ozzie Smith
29%
9Ted Williams
29%
6Stan Musial
25%
14Pete Rose
21%
11Barry Larkin
18%
10Chipper Jones
14%
21Roberto Clemente
7%

Score Distribution

Percentile by Number Answered

Percent of People with Each Score

Your Score History

You have not taken this quiz